Reglamento de la Escuela Municipal de Música de Barcelona : 1931 1931
Descripción Física:
16 p. ; 18 cm
MARC
| LEADER | 00000nam a2200000Ia 4500 | ||
|---|---|---|---|
| 001 | 11789 | ||
| 008 | 160829s1931 xx 000 0 cat d | ||
| 080 | |a RF-4-4 | ||
| 110 | 2 | |a Conservatori Superior Municipal de Música (Barcelona, Catalunya) |9 54327 | |
| 245 | |a Reglamento de la Escuela Municipal de Música de Barcelona : |b 1931 | ||
| 260 | |a Barcelona : |b (Imp. Farré i Asensio), |c 1931 | ||
| 300 | |a 16 p. ; |c 18 cm | ||
| 650 | |a Escola Municipal de Música (Barcelona) |x Reglaments i procediment |9 25736 | ||
| 856 | 4 | |u https://media.diba.cat/diba/fitxers/arxiu/fulletons/bib_11789_1931_baixa.pdf |y Accés lliure | |
| 856 | 4 | |u https://media.diba.cat/diba/fitxers/arxiu/fulletons/bib_11789_1931_baixa.pdf |y Accés lliure | |
| 901 | |a Arxiu | ||
| 942 | |n 1 |2 udc | ||
| 952 | |0 0 |1 0 |4 0 |6 RF44 |7 1 |9 43770 |a Arxiu |b Arxiu |d 2016-12-01 |l 0 |o RF-4-4 |p 11789 |r 2016-12-01 00:00:00 |w 2016-12-01 |y ARXIU | ||
| 999 | |c 46318 |d 46318 | ||
| 900 | |a bib_11789_1931_baixa.pdf | ||